000 00268nam a2200109Ia 4500
008 190216s9999||||xx |||||||||||||| ||und||
100 _aPandey B P
245 0 _aElements Of Management Accounting
260 _bVikas Publishing House
_c1988
300 _a461p
942 _cBK
999 _c5605
_d5605